000 00761cam a22002533a 4500
001 27663
003 PGUSA
005 20140828083610.0
008 081230s2008||||xxu|||||s|||||000 p eng d
040 _aPGUSA
_beng
042 _adc
050 4 _aPR
100 1 _aSeward, Anna,
_d1742-1809
245 1 0 _aOriginal sonnets on various subjects; and odes paraphrased from Horace
_h[electronic resource] /
_cAnna Seward
260 _bProject Gutenberg,
_c2008
506 _aPublic domain in the USA.
516 _aElectronic text
653 _aLaudatory poetry, Latin -- Adaptations
653 _aSonnets, English
653 _aHorace -- Adaptations
830 0 _aProject Gutenberg
_v27663
856 4 0 _uhttp://www.gutenberg.org/ebooks/27663
942 _cEB
999 _c256918
_d256918